Buildings at risk (Record no. 120694)

MARC details
000 -LEADER
fixed length control field 00922cai a22001815a 4500
001 - CONTROL NUMBER
control field E144777
008 - FIXED-LENGTH DATA ELEMENTS--GENERAL INFORMATION
fixed length control field 080811u xxk g 000 0 eng d
035 ## - SYSTEM CONTROL NUMBER
System control number (Sirsi) u144777
041 0# - LANGUAGE CODE
Language code of text/sound track or separate title eng
110 2# - MAIN ENTRY--CORPORATE NAME
Corporate name or jurisdiction name as entry element Scottish Civic Trust
9 (RLIN) 2679
245 00 - TITLE STATEMENT
Title Buildings at risk
Remainder of title register for Scotland
Medium [electronic resource]
520 ## - SUMMARY, ETC.
Summary, etc. Established in Scotland in 1990, the Buildings at Risk Register sets out those listed buildings and buildings in Conservation Areas that are thought to be at risk. The Scottish Civic Trust maintains the Register on behalf of Historic Scotland. The List can be searched via an interactive map or an advanced search funtion.
590 ## - LOCAL NOTE (RLIN)
Local note KA
651 #4 - SUBJECT ADDED ENTRY--GEOGRAPHIC NAME
Geographic name Scotland
Chronological subdivision 1999-
690 ## - LOCAL SUBJECT ADDED ENTRY--TOPICAL TERM (OCLC, RLIN)
Topical term or geographic name as entry element BUILT ENVIRONMENT-BUILDING TYPES-ANCIENT MONUMENTS AND HISTORIC BUILDINGS
856 40 - ELECTRONIC LOCATION AND ACCESS
Uniform Resource Identifier <a href="https://www.buildingsatrisk.org.uk/BAR/">https://www.buildingsatrisk.org.uk/BAR/</a>
Public note View the website free of charge at www.buildingsatrisk.org.uk...
942 ## - ADDED ENTRY ELEMENTS (KOHA)
Suppress in OPAC 0
Holdings
Withdrawn status Lost status Source of classification or shelving scheme Damaged status Not for loan Home library Current library Shelving location Date acquired Total Checkouts Full call number Barcode Date last seen Copy number Price effective from Koha item type
    Dewey Decimal Classification     Virtual Virtual Online 11/08/2008   WEBSITE 144777-2001 06/08/2019 1 06/08/2019 Online material